00404nam a2200145Ia 4500100002300000942000700023654001300030245003800043260002200081082002000103300000800123546001200131999001700143952009800160 aUlrich/ Katherine  cBK aComputer aFlash for Windows & Macintosh bPearson Educ1999 a005.133'W'bULR a442 aENGLISH c34849d34849 001040708CRCaCRCEbCRCEd2023-03-17l0o005.133'W' ULRp11855r2023-03-17w2023-03-17yBK